| Record ID | marc_records_scriblio_net/part20.dat:66629398:823 |
| Source | Scriblio |
| Download Link | /show-records/marc_records_scriblio_net/part20.dat:66629398:823?format=raw |
LEADER: 00823nam 2200205 a 4500
001 88161188
003 DLC
005 19881028170113.0
008 880714s1987 cs b 00010 cze
010 $a 88161188
043 $ae-ur---
050 0 $aZ796.S77$bS73a ciṡ. 18/1987$aZ2510$aDK265
100 10 $aSpáčilová, Miluše.
245 10 $aKe studiu dějin VŘSR :$bvýběr publikací a článků z let 1982-1986 /$csestavila Miluše Spáčilová a Václav Prchal.
260 0 $aOlomouc :$bStátní vědecká knihovna v Olomouci,$c1987.
300 $a21 p. ;$c29 cm.
490 1 $aPublikace Státní vědecké knihovny v Olomouci ;$včís. 18/1987
651 0 $aSoviet Union$xHistory$yRevolution, 1917-1921$xBibliography.
700 10 $aPrchal, Václav.
830 0 $aPublikace Státní vědecké knihovny v Olomouci ;$v1987/čís. 18.